| 000 | 00767nam0a22002651 4500 | ||
|---|---|---|---|
| 001 | rc\4293021 | ||
| 005 | 20250612041056.0 | ||
| 021 |
_aRU _b[63-10297] |
||
| 035 | _a(NLR Aleph) 008497282 | ||
| 090 |
_a8086646 _c8086646 |
||
| 100 | _a20130416d1963 |||y0rusy50 ca | ||
| 101 | 0 | _arus | |
| 102 | _aRU | ||
| 105 | _ab z ||||| | ||
| 200 | 1 | _aБразилия | |
| 210 |
_aМосква _cЗнание _d1963 |
||
| 215 |
_a48 с. _cкарт. _d21 |
||
| 225 | 1 |
_aНовое в жизни, науке, технике _hСерия 12 _iГеология и география |
|
| 607 |
_aБразилия _z20 в. _2psbo |
||
| 700 | 1 |
_aБулатов _bБ. |
|
| 801 | 0 |
_aRU _bNLR _gpsbo |
|
| 801 | 1 |
_aRU _bELAR _2rusmarc |
|
| 852 |
_aNLR _j63-6/2360 |
||
| 942 | _cBOOK | ||
| 980 | _aNB | ||